000
00195 a2200097 4500
020
_a
9788420428659
041
_a
spa
100
_a
Saramago jose
245
_a
Ensayo sobre la ceguera
942
_c
BK
999
_c
10715
_d
10715